LEADER 01410nam0 22003131i 450 001 VAN0022990 005 20221129024636.262 010 $a88-435-7412-4 100 $a20040908d2000 |0itac50 ba 101 $aita 102 $aIT 105 $a|||| ||||| 200 1 $aIfriqiya$etredici secoli d'arte e d'architettura in Tunisia 210 $aMilano$cElecta$aTunisi$cDemeter$dc2000 215 $a310 p.$cill.$d22 cm. 410 1$1001VAN0022991$12001 $aˆL'‰arte islamica nel Mediterraneo$1210 $aMilano$cElecta. 620 $dTunisi$3VANL000264 620 $dMilano$3VANL000284 712 $aDemeter$3VANV108701$4650 712 $aElecta $3VANV113606$4650 801 $aIT$bSOL$c20230915$gRICA 856 4 $u/sebina/repository/catalogazione/documenti/ifriqiya.pdf$zifriqiya.pdf 899 $aBIBLIOTECA DEL DIPARTIMENTO DI LETTERE E BENI CULTURALI$1IT-CE0103$2VAN07 899 $aBIBLIOTECA DEL DIPARTIMENTO DI ARCHITETTURA E DISEGNO INDUSTRIALE$1IT-CE0107$2VAN01 912 $aVAN0022990 950 $aBIBLIOTECA DEL DIPARTIMENTO DI LETTERE E BENI CULTURALI$d07CONS A Tunisia 653 $e07UBL10388 20221129 950 $aBIBLIOTECA DEL DIPARTIMENTO DI ARCHITETTURA E DISEGNO INDUSTRIALE$d01PREST IBa184(4) $e01 28526 20050926 996 $aIfriqiya$9878275 997 $aUNICAMPANIA LEADER 01775nam0 22003853i 450 001 VAN00238228 005 20241204104237.905 017 70$2N$a9783030405977 100 $a20220125d2020 |0itac50 ba 101 $aeng 102 $aCH 105 $a|||| ||||| 181 $ai$b e 182 $ab 200 1 $aGeodynamic Evolution of the Indian Shield: Geophysical Aspects$fOm Prakash Pandey 210 $aCham$cSpringer$d2020 215 $aXVIII, 349 p.$cill.$d24 cm 410 1$1001VAN00238233$12001 $aSociety of Earth Scientists Series$1210 $aCham$cSpringer$d2013- 620 $aCH$dCham$3VANL001889 676 $a551.9$cGeochimica$v22 676 $a550$cScienze della terra e geologia - Geofisica$v22 676 $a551.8$cGeologia strutturale. Deformazione, diastrofismo, epirogenesi, tettonica$v22 700 1$aPandey$bOm P.$3VANV195270$01074476 712 $aSpringer $3VANV108073$4650 790 1$aPandey, Om Prakash$zPandey, Om P.$3VANV195271 790 1$aPandey, O. P.$zPandey, Om P.$3VANV195272 790 1$aPandey, O.P.$zPandey, Om P.$3VANV200954 801 $aIT$bSOL$c20241206$gRICA 856 4 $uhttps://link.springer.com/book/10.1007/978-3-030-40597-7$zE-book - Accesso al full-text attraverso riconoscimento IP di Ateneo, proxy e/o Shibboleth 899 $aBIBLIOTECA DEL DIPARTIMENTO DI SCIENZE E TECNOLOGIE AMBIENTALI BIOLOGICHE E FARMACEUTICHE$1IT-CE0101$2VAN17 912 $fN 912 $aVAN00238228 950 $aBIBLIOTECA DEL DIPARTIMENTO DI SCIENZE E TECNOLOGIE AMBIENTALI BIOLOGICHE E FARMACEUTICHE$d17CONS e-book 2223 $e17BIB2223/481 481 20220125 996 $aGeodynamic Evolution of the Indian Shield: Geophysical Aspects$92573063 997 $aUNICAMPANIA